Erogaciones histórico-artisticas-literarias, o sea, llovizna sobre papel de descripciones, casos, cuentos, juicios, relaciones, citas, cuadros, bosquejos, reminiscencias, contrastes, cotejos y episodios concebidos y relatados de singular manera / (Record no. 187609)
[ view plain ]
| 000 -LEADER | |
|---|---|
| campo de control de longitud fija | 00985nam a2200205 i 4500 |
| 001 - NÚMERO DE CONTROL | |
| campo de control | 187609 |
| 003 - IDENTIFICADOR DE NÚMERO DE CONTROL | |
| campo de control | ES-MaACL |
| 005 - FECHA Y HORA DE LA ÚLTIMA TRANSACCIÓN | |
| campo de control | 20231212163321.0 |
| 008 - DATOS DE LONGITUD FIJA--INFORMACIÓN GENERAL | |
| campo de control de longitud fija | 171207s2016 sp |||| | spa d |
| 080 ## - NÚMERO DE LA CLASIFICACIÓN DECIMAL UNIVERSAL | |
| Número de la Clasificación Decimal Universal | 821.134.2-82"19" |
| 100 1# - ENTRADA PRINCIPAL--NOMBRE DE PERSONA | |
| Nombre de persona | López Delgado, Juan Antonio. |
| 9 (RLIN) | 73607 |
| 245 10 - MENCIÓN DEL TÍTULO | |
| Título | Erogaciones histórico-artisticas-literarias, o sea, llovizna sobre papel de descripciones, casos, cuentos, juicios, relaciones, citas, cuadros, bosquejos, reminiscencias, contrastes, cotejos y episodios concebidos y relatados de singular manera / |
| Mención de responsabilidad, etc. | por Don Juan Antonio López Delgado, pequeño bibliófilo. |
| 250 ## - MENCION DE EDICION | |
| Mención de edición | Edición no venal. |
| 260 ## - PUBLICACIÓN, DISTRIBUCIÓN, ETC. | |
| Lugar de publicación, distribución, etc. | [Patiño, Murcia] : |
| Nombre del editor, distribuidor, etc. | J. A. López, |
| Fecha de publicación, distribución, etc. | 2016. |
| 300 ## - DESCRIPCIÓN FÍSICA | |
| Extensión | 117 p. ; |
| Dimensiones | 22 cm. |
| 852 ## - LOCALIZACIÓN | |
| Ubicación | ES-MaACL |
| Número de control de estantería | A-14051 |
| itemnumber | 194695 |
| Sublocalización o colección | R.151306 |
| Ubicación en estantería | Depósito 1 |
| Signatura antigua | Olim: N-7051 |
| Anotaciones manuscritas | Dedicatoria autógrafa del autor |
| Donativo/Legado | Donación: Juan Antonio López Delgado |
| 903 ## - NOMBRE PERSONAL DE DONANTE | |
| 9 | 73607 |
| a | López Delgado, Juan Antonio |
| e | Donante |
| 942 ## - ELEMENTOS DE ENTRADA SECUNDARIOS (KOHA) | |
| Fuente del sistema de clasificación o colocación | Clasificación decimal universal |
| Tipo de ítem Koha | Libro impreso |
| Estatus retirado | Estado de pérdida | Fuente del sistema de clasificación o colocación | Estado de daño | No para préstamo | Colección | Biblioteca de origen | Biblioteca actual | Ubicación en estantería | Fecha de adquisición | Fuente de adquisición | Total de préstamos | Signatura topográfica completa | Código de barras | Visto por última vez | Precio de reemplazo | Tipo de ítem Koha | Nota pública |
|---|---|---|---|---|---|---|---|---|---|---|---|---|---|---|---|---|---|
| Clasificación decimal universal | Libros con dedicatorias | Biblioteca del Ateneo de Madrid | Biblioteca del Ateneo de Madrid | Depósito 1 | 07/12/2017 | Donación | A-14051 | 1198159 | 23/02/2023 | 23/02/2023 | Libro impreso | Dedicatoria autógrafa del autor |
